书目信息 |
| 题名: |
光波导模式理论
|
|
| 作者: | 马春生 , 刘式墉 著 | |
| 分册: | ||
| 出版信息: | 长春 吉林大学出版社 2006.04 |
|
| 页数: | 503页 | |
| 开本: | 26cm | |
| 丛书名: | ||
| 单 册: | ||
| 中图分类: | TN252 | |
| 科图分类: | ||
| 主题词: | 光波导--guang bo dao--研究生--教材 | |
| 电子资源: | ||
| ISBN: | 7-5601-3409-2 | |
| 000 | 00900nam0 2200253 450 | |
| 001 | 012007704426 | |
| 005 | 20070428102222.75 | |
| 010 | @a7-5601-3409-2@dCNY46.00 | |
| 100 | @a20070205d2006 km y0chiy0120 ea | |
| 101 | 0 | @achi |
| 102 | @aCN@b220000 | |
| 105 | @aa a 001yy | |
| 200 | 1 | @a光波导模式理论@Aguang bo dao mo shi li lun@f马春生, 刘式墉著@Fma chun sheng,liu shi yong zhu |
| 210 | @a长春@c吉林大学出版社@d2006.04 | |
| 215 | @a503页@c图@d26cm | |
| 300 | @a吉林大学研究生立项教材 | |
| 320 | @a有书目和索引 | |
| 330 | @a本书以射线光学和电磁理论为基础,系统地分析了导波光学与集成光学中地三层和多层平板波导、介电常数连续变化的平面波导、矩形和脊形等条形波导、介质吸收型波导等。 | |
| 606 | 0 | @a光波导@Aguang bo dao@x研究生@j教材 |
| 690 | @aTN252@v4 | |
| 701 | 0 | @a马春生@Ama chun sheng@4著 |
| 701 | 0 | @a刘式墉@Aliu shi yong@4著 |
| 801 | 0 | @aCN@c20070428 |
| 905 | @a10447@dTN252@eM027 | |
| 光波导模式理论/马春生, 刘式墉著.-长春:吉林大学出版社,2006.04 |
| 503页:图;26cm |
| 吉林大学研究生立项教材 |
| ISBN 7-5601-3409-2:CNY46.00 |
| 本书以射线光学和电磁理论为基础,系统地分析了导波光学与集成光学中地三层和多层平板波导、介电常数连续变化的平面波导、矩形和脊形等条形波导、介质吸收型波导等。 |
| ● |
| 相关链接 |
|
|
|
正题名:光波导模式理论
索取号:TN252/M027
 
预约/预借
| 序号 | 登录号 | 条形码 | 馆藏地/架位号 | 状态 | 备注 |
| 1 | 236277 | 202362772 | 自科库301/301自科库 25排4列1层/ [索取号:TN252/M027] | 在馆 | |
| 2 | 236278 | 202362781 | 自科库301/301自科库 25排4列1层/ [索取号:TN252/M027] | 在馆 |